LEADER 00783nam0-22002891i-450- 001 990006542530403321 005 20001010 035 $a000654253 035 $aFED01000654253 035 $a(Aleph)000654253FED01 035 $a000654253 100 $a20001010d--------km-y0itay50------ba 101 0 $aita 105 $ay-------001yy 200 1 $a<>development of american federalism$fWilliam H. Riker 210 $aBoston$cKluwer Academic$d1987. 215 $a233 p.$d23 cm 676 $a321.020973 700 1$aRiker,$bWilliam H.$0128665 801 0$aIT$bUNINA$gRICA$2UNIMARC 901 $aBK 912 $a990006542530403321 952 $aI C 101$b5135$fFSPBC 959 $aFSPBC 996 $aDevelopment of american federalism$9501803 997 $aUNINA DB $aGEN01 LEADER 01519oam 2200409Ia 450 001 9910696477003321 005 20080227143033.0 035 $a(CKB)5470000002378069 035 $a(OCoLC)181157681 035 $a(EXLCZ)995470000002378069 100 $a20071114d2007 ua 0 101 0 $aeng 135 $aurmn||||||||| 181 $ctxt$2rdacontent 182 $cc$2rdamedia 183 $acr$2rdacarrier 200 00$aField demonstrations of five geophysical methods that could be used to characterize deposits of alluvial aggregate$b[electronic resource] /$fby K.J. Ellefsen ... [and others] 210 1$aReston, Va. :$cU.S. Dept. of the Interior, U.S. Geological Survey,$d2007. 215 $av, 20 pages $cdigital, PDF file 225 1 $aScientific investigations report ;$v2007-5226 300 $aTitle from title screen (viewed on Feb. 15, 2008). 320 $aIncludes bibliographical references (pages 18-20). 606 $aProspecting$xGeophysical methods 606 $aAlluvium 606 $aAggregates (Building materials) 615 0$aProspecting$xGeophysical methods. 615 0$aAlluvium. 615 0$aAggregates (Building materials) 701 $aEllefsen$b Karl$01380912 712 02$aGeological Survey (U.S.) 801 0$bGIS 801 1$bGIS 801 2$bGPO 906 $aBOOK 912 $a9910696477003321 996 $aField demonstrations of five geophysical methods that could be used to characterize deposits of alluvial aggregate$93521942 997 $aUNINA